Facultad de Derecho – Universidad Nacional de Mar del Plata

De los Derechos Humanos al Derecho Internacional Penal (Record no. 2716)

MARC details
000 -CABECERA
campo de control de longitud fija 00506nam a22001457a 4500
020 ## - NUMERO INTERNACIONAL NORMALIZADO PARA LIBROS (ISBN)
International Standard Book Number 9879835107
080 ## - NUMERO DE CLASIFICACION DECIMAL UNIVERSAL (CDU)
Número de la Clasificación Decimal Universal 343.2 V 711
100 ## - ASIENTO PRINCIPAL--NOMBRE PERSONAL
Nombre personal Villalpando, Waldo
245 ## - MENCION DE TITULO
Título propiamente dicho De los Derechos Humanos al Derecho Internacional Penal
260 ## - PUBLICACION, DISTRIBUCION, ETC. (PIE DE IMPRENTA)
Lugar de publicación, distribución, etc. Buenos Aires
Nombre del editor, distribuidor, etc. Abeledo-Perrot
Fecha de publicación, distribución, etc. 2000
300 ## - DESCRIPCION FISICA
Extensión 399 p.
650 ## - ASIENTO SECUNDARIO DE MATERIA - TERMINO TEMATICO
Subdivisión general derechos humanos
-- derechos internacional penal
-- derechos internacional humanitario
-- conflictos armados
-- asilo a refugiados
-- tribunales internacionales
945 ## - INFORMACION DE PROCESAMIENTO LOCAL
Responsable de carga/modificación Sabrina Cecilia Abram
AAAA-MM-DD - Fecha de ingreso/modificación 2014-11-17
942 ## - ELEMENTOS AGREGADOS (KOHA)
Clasificación normalizada de Koha para alfabetizar _
Holdings
Retirado Perdido Fuente de clasificación Dañado No se presta Ubicación permanente Locación actual Estante o sala Fecha de adquisición Fuente de adquisición Total préstamos Signatura topográfica Inventario Ultima fecha vista Ultima fecha prestado Fecha del precio Tipo de item de Koha
          Bib. Derecho Bib. Derecho Sala de Lectura 17/11/2014 Biblioteca Central 3 343.2 V 711 63250 16/06/2016 16/06/2016 17/11/2014 LIBRO (Consulta)

XHTML | CSS | ©Biblioteca Central - Dto. Tecnología de la Información - [ Con tecnología Koha ]